[Event "FRA-chT2"]
[Site "France"]
[Date "2002.01.??"]
[Round "5"]
[White "Roujanski, Patrice"]
[Black "Simon, Yannick"]
[Result "1/2-1/2"]
[WhiteElo "2090"]
[BlackElo "2060"]
[PlyCount "52"]
[EventDate "2002.??.??"]
[EventType "team"]
[EventRounds "11"]
[EventCountry "FRA"]
[SourceTitle "EXT 2003"]
[Source "ChessBase"]
[SourceDate "2002.11.25"]
[SourceVersion "1"]
[SourceVersionDate "2002.11.25"]
[SourceQuality "1"]

1. e4 c5 2. c3 d5 3. exd5 Qxd5 4. d4 cxd4 5. Nf3 Nc6 6. cxd4 e6 7. Nc3 Qd7 8. Bb5 Bd6 9. 0-0 Nge7 10. Ne4 a6 11. Ba4 b5 12. Bb3 Na5 13. Bc2 Bb7 14. Qe2 Rc8 15. Bd3 Nd5 16. Nxd6+ Qxd6 17. Bxb5+ Nc6 18. Bd3 0-0 19. a3 Nf6 20. Be3 Ng4 21. g3 h5 22. Rad1 Ne7 23. Nd2 f5 24. Bf4 Qd5 25. f3 Qxd4+ 26. Kg2 e5 1/2-1/2

[Event "FRA-chT2"]
[Site "France"]
[Date "2001.11.??"]
[Round "3"]
[White "Roujanski, Patrice"]
[Black "Romieux, Sebastien"]
[Result "0-1"]
[WhiteElo "2090"]
[BlackElo "2209"]
[PlyCount "60"]
[EventDate "2002.??.??"]
[EventType "team"]
[EventRounds "11"]
[EventCountry "FRA"]
[SourceTitle "EXT 2003"]
[Source "ChessBase"]
[SourceDate "2002.11.25"]
[SourceVersion "1"]
[SourceVersionDate "2002.11.25"]
[SourceQuality "1"]

1. e4 c5 2. c3 Nf6 3. e5 Nd5 4. d4 cxd4 5. Nf3 e6 6. cxd4 Nc6 7. Nc3 d6 8. Nxd5 exd5 9. Be2 dxe5 10. dxe5 Be7 11. 0-0 0-0 12. h3 Be6 13. Bf4 Qb6 14. b3 Rfd8 15. Ne1 Rac8 16. Nd3 Nd4 17. Be3 Nxe2+ 18. Qxe2 d4 19. Bd2 Qa6 20. g4 Rc2 21. f4 Rxa2 22. Rxa2 Qxa2 23. f5 Bxb3 24. f6 Bf8 25. fxg7 Bxg7 26. Nc1 Bc4 27. Qf2 Qa3 28. Qh4 Re8 29. Re1 Qf3 30. Bh6 Bxh6 0-1

[Event "Cannes op-B 18th"]
[Site "Cannes"]
[Date "1997.??.??"]
[Round "1"]
[White "Maes, Wim"]
[Black "Roujanski, Patrice"]
[Result "1/2-1/2"]
[WhiteElo "2285"]
[BlackElo "2145"]
[PlyCount "75"]
[EventDate "1997.02.22"]
[EventType "swiss"]
[EventRounds "9"]
[EventCountry "FRA"]
[SourceTitle "CBM 057 Extra"]
[Source "ChessBase"]
[SourceDate "1997.05.01"]
[SourceVersion "1"]
[SourceVersionDate "1997.05.01"]
[SourceQuality "1"]

1. e4 e6 2. d3 c5 3. Nf3 d5 4. Qe2 Be7 5. g3 Nf6 6. e5 Nfd7 7. Bg2 Nc6 8. h4 b5 9. 0-0 0-0 10. Bf4 a5 11. Nbd2 a4 12. a3 Ba6 13. c3 Nb6 14. Rfc1 Qd7 15. h5 b4 16. h6 g6 17. Qe3 Rab8 18. Bg5 bxc3 19. bxc3 Na5 20. Rcb1 Nb3 21. Bxe7 Qxe7 22. Ra2 d4 23. Qe2 Nd5 24. Ne4 dxc3 25. Rd1 Nd4 26. Qe1 c2 27. Rc1 Nxf3+ 28. Bxf3 Bxd3 29. Raxc2 Bxc2 30. Rxc2 c4 31. Rxc4 Qxa3 32. Qd1 Qb2 33. Rxa4 Qxe5 34. Qd2 Rfd8 35. Qa5 Qf5 36. Kg2 Nb6 37. Qxf5 gxf5 38. Nf6+ 1/2-1/2

[Event "Cannes op-B 18th"]
[Site "Cannes"]
[Date "1997.??.??"]
[Round "2"]
[White "Roujanski, Patrice"]
[Black "Velcheva, Maria"]
[Result "0-1"]
[WhiteElo "2145"]
[BlackElo "2285"]
[PlyCount "32"]
[EventDate "1997.02.22"]
[EventType "swiss"]
[EventRounds "9"]
[EventCountry "FRA"]
[SourceTitle "CBM 057 Extra"]
[Source "ChessBase"]
[SourceDate "1997.05.01"]
[SourceVersion "1"]
[SourceVersionDate "1997.05.01"]
[SourceQuality "1"]

1. e4 c5 2. c3 d6 3. d4 Nf6 4. f3 Qc7 5. Bd3 g6 6. Ne2 Bg7 7. 0-0 b6 8. Be3 Bb7 9. Nd2 Nbd7 10. Rc1 0-0 11. Qe1 e5 12. Qh4 d5 13. Bh6 Rae8 14. Bxg7 Kxg7 15. f4 Nxe4 16. Bxe4 dxe4 0-1